000 00229nam a2200109Ia 4500
100 _a#N/A
942 _cBK
654 _alean manufacturing
245 _aLean Manufacturing for the small shop
260 _b#N/A
546 _aENGLISH
999 _c33443
_d33443